|
|
|
|
| LEADER |
01124nam a2200253 a 4500 |
| 001 |
14109808 |
| 008 |
090810s2000 enkabc b 001 0 eng d |
| 010 |
|
|
|a 2005299992
|
| 020 |
|
|
|a 0192853996
|
| 040 |
|
|
|a UKM
|c UKM
|d AZS
|d OCLCQ
|d BAKER
|d DLC
|
| 082 |
0 |
4 |
|a 941.07
|2 21
|
| 100 |
1 |
|
|a Langford, Paul.
|
| 245 |
1 |
0 |
|a Eighteenth-century Britain :
|b a very short introduction /
|c Paul Langford.
|
| 260 |
|
|
|a Oxford ;
|a New York :
|b Oxford University Press,
|c 2000.
|
| 300 |
|
|
|a 116 p. :
|b ill., maps, ports. ;
|c 18 cm.
|
| 440 |
|
0 |
|a Very short introductions ;
|v 22
|
| 500 |
|
|
|a Originally published as part of The Oxford illustrated history of Britain. Oxford : Oxford University Press, 1984.
|
| 504 |
|
|
|a Includes bibliographical references and index.
|
| 541 |
1 |
|
|e 00013990
|
| 651 |
|
0 |
|a Great Britain
|x History
|y 18th century.
|
| 730 |
0 |
|
|a Oxford illustrated history of Britain.
|
| 852 |
4 |
|
|a Ayesha Abed Library
|j General Shelf.
|
| 999 |
|
|
|c 3274
|d 3274
|
| 952 |
|
|
|0 0
|1 4
|2 ddc
|4 0
|6 941_070000000000000_LAN
|7 0
|9 2966
|a BRACUL
|b BRACUL
|c GEN
|d 2009-08-31
|g 240.00
|l 0
|o 941.07 LAN
|p 3010013990
|r 2009-08-31
|t 1
|v 480.00
|w 2009-08-31
|y BK
|x Koha Inventory 2020
|